00341nam a2200133Ia 4500008004100000020001800041041001200059082001900071100002100090245003300111260003300144300000800177650002200185231217s9999 xx 000 0 und d a81-8382-015-8 aEnglish a658.82 ALL R aAllen, Michael E 0aHow to promote and advertise c2006bLotus PressaNew Delhi a115 apromote,advertise